Statistiques concernant Culture Générale - Série 1472

Cliquez ici pour prendre le quiz!

Statistiques générales

  • Ce quiz a été pris 66 fois
  • Le résultat moyen est 6 sur 10

Statistiques - réponses

QuestionRéponse% Correct
Quel mot esquimau désigne l'abri, en forme de dôme, construit avec des blocs de neige glacée ?igloo
96%
Quel mot rimant avec Terminator désigne un escalier mécanique ?escalator
96%
A la maison, quel objet est familièrement appelé la "zappette" ?télécommande
89%
Sur une église, quel nom désigne le dégorgeoir à eaux de pluie, en saillie, souvent orné d'une figure fantastique ?gargouille
79%
Quel mot désigne l'antenne de télévision, ronde, en forme de miroir et le récit symbolique sous lequel se cache un enseignement moral ou religieux ?parabole
77%
Dans le Jura, en Savoie ou encore en Franche-Comté, que fabrique-t-on dans une fruitière ?fromage
67%
Depuis 1956, sous quel nom connaît-on mieux Golda Mabovitz, Premier ministre d'Israël, de 1969 à 1974 ?Golda Meir
60%
Comme l'indique l'étymologie, à quelle partie du corps humain se rapporte l'adjectif "jugulaire" ?gorge
30%
Les 3 hommes que la mission Apollo 11 a envoyé sur la Lune étaient Neil Armstrong, Buzz Aldrin et Michael...Collins
19%
Dans la série de bandes dessinées "Cubitus", comment se prénomme le chat, voisin de Cubitus ?Sénéchal
12%

Distribution des résultats

Percentile par nombre de réponses

% des personnes avec chaque résultat

Votre développement - résultats

Vous n’avez pas pris ce quiz